Meteora Tracklist By Streams - Statistics

General Stats
  • This quiz has been taken 16 times
  • The average score is 9 of 12
Answer Stats
# Streams Answer % Correct
1 2,675,850,149 Numb
100%
2 1,060,268,940 Faint
93%
3 747,262,851 Somewhere I Belong
86%
7 220,297,818 Don't Stay
79%
8 155,868,012 Figure.09
79%
4 579,246,859 Breaking the Habit
71%
5 377,874,755 Lying from You
71%
12 58,031,011 Session
64%
10 103,172,936 Easier to Run
57%
9 127,552,430 Hit the Floor
57%
11 91,902,929 Nobody's Listening
57%
6 251,389,629 From the Inside
50%
No matching quizzes found
Score Distribution
Percent of People with Each Score
Percentile by Number Answered
Your Score History
You have not taken this quiz